Proteas of the world
Saved in:
| Hovedforfatter: | |
|---|---|
| Format: | Bog |
| Sprog: | engelsk |
| Udgivet: |
Portland
Timber
1993
|
| Fag: | |
| Tags: |
Tilføj Tag
Ingen Tags, Vær først til at tagge denne postø!
|
MARC
| LEADER | 00000nam a2200000 a 4500 | ||
|---|---|---|---|
| 001 | UCY8357 | ||
| 003 | CL-VaPUC | ||
| 008 | 950703e19930000US |||||||||||||||||eng|d | ||
| 082 | 0 | 4 | |a 635.9 |b MAT |2 21 |
| 100 | |a Matthews, Lewis J. |e autor |9 339634 | ||
| 245 | 1 | 0 | |a Proteas of the world |
| 300 | |a 256 p | ||
| 942 | |c BK | ||
| 945 | |d 19950703 00:00:00 |a awong | ||
| 260 | |a Portland |b Timber |c 1993 | ||
| 650 | 0 | |a Floricultura |9 264401 | |
| 650 | 7 | |a PROTEAS |2 CL-VaPUC |9 339635 | |
| 650 | 7 | |a PROTEACEAE |2 CL-VaPUC |9 339636 | |
| 583 | |a last modification |c 19950703 00:00:00 |k Rodrigo Vera | ||
| 999 | |c 235625 |d 235623 | ||
| 952 | |0 0 |1 0 |4 0 |6 635_900000000000000_MAT_1993 |7 0 |8 A |9 243159 |a BIBAGR |b BIBAGR |d 2019-11-18 |i 3093719 |o 635.9 MAT 1993 |p 3093719 |r 2025-01-20 |w 2019-11-18 |y BK |k AGR | ||